000 00332nam a2200133Ia 4500
008 240624s9999 xx 000 0 und d
041 _aeng
082 _a658.404 KEM
100 _aKEMP SID
245 _aPROJECT MANAGEMENT DEMYSTIFIED
260 _c2004
_aNew Delhi
_bTata McGrawhill
300 _axii, : 340 : cm. ; 24
365 _cRS
999 _c2231
_d2231